00652nam a2200229 a 450000100060000000300090000600800410001502000150005604000280007108200160009910000280011524500390014326000400018230000110022249000300023359000490026365000250031265000290033765000270036694200120039399900170040516386CO-ViMGA141112s2004 ck r 000 u spa d a9583006416 aCO-ViMGAbspacCO-ViMGA04aU863.5 Q84c1 aQuiroga, Horacio92342710aCuentos de amor de locura y muerte aBogotá : bPanAméricana, c1999 a224.p. aLetras Latinoaméricanas aForma de adquisición : Premio - Mincultura14aAMOR - CUENTOS9218714aCUENTOS URUGUAYOS91510114aMUERTE - CUENTOS92185 2ddccBK c26255d26255